000 00684nmm a2200265 a 4500
003 AR-BaBNM
005 20251128202935.0
008 011101s1983 ||||||||||||||000 | spa||
020 _a0-19-432975-5
040 _cAR-BaBNM
100 1 _aBoardman, Roy
245 1 0 _aSpringboard
_benglish through communication
_n2
260 _aOxford
_bOxford University Press
_c1983
300 0 _a144 p.
_bil.
650 4 _aENSENANZA DE IDIOMAS
650 4 _aINGLES
650 4 _aGRAMATICA
650 4 _aVOCABULARIO
650 4 _aPRONUNCIACION
650 4 _aACTIVIDADES DE APRENDIZAJE
650 4 _aLIBROS DE TEXTO
700 1 _aDi Giuliomaria, Sirio
942 _cBK
998 _cCarmen
999 _c1226
_d1226